Clubs par images partielles d'écusson - Statistiques

Statistiques générales
  • Ce quiz a été pris 68 fois
  • Le résultat moyen est 15 sur 30
Statistiques - réponses
Par images Réponse % Correct
Tottenham Hotspur
93%
Juventus FC
92%
Liverpool FC
92%
Feyenoord Rotterdam
83%
PSV Eindhoven
81%
Bayern Munich
80%
Real Madrid
80%
SSC Naples
76%
Inter Milan
75%
Galatasaray SK
66%
Séville FC
64%
Schalke 04
63%
Chelsea FC
56%
Manchester United
56%
RSC Anderlecht
56%
Bayer Leverkusen
53%
Villarreal CF
51%
Borussia Mönchengladbach
42%
Atlético de Madrid
41%
Eintracht Francfort
36%
Parme FC
36%
CSKA Moscou
29%
Atalanta Bergame
25%
Ajax Amsterdam
24%
Valence CF
22%
Zénith Saint-Pétersbourg
17%
Ipswich Town
12%
FC Porto
5%
IFK Göteborg
5%
Chakhtar Donetsk
2%
Aucun quiz correspondant
Distribution des résultats
% des personnes avec chaque résultat
Percentile par nombre de réponses
Votre historique - résultats
Vous n’avez pas pris ce quiz